Islamic culture : (Record no. 32795)
[ view plain ]
| 000 -LEADER | |
|---|---|
| fixed length control field | 00840nam a2200241 a 4500 |
| 001 - CONTROL NUMBER | |
| control field | 32795 |
| 003 - CONTROL NUMBER IDENTIFIER | |
| rucl marc code | BD-RjUL |
| 005 - DATE AND TIME OF LATEST TRANSACTION | |
| control field | 20211209051909.0 |
| 008 - FIXED-LENGTH DATA ELEMENTS--GENERAL INFORMATION | |
| fixed length control field | 140428s1952 pk 000 0 eng d |
| 035 ## - SYSTEM CONTROL NUMBER | |
| System control number | (BD-RjUL)32885 |
| 040 ## - CATALOGING SOURCE | |
| Original cataloging agency | MNU |
| Transcribing agency | MNU |
| Modifying agency | BD-RjUL |
| Language of cataloging | eng |
| 041 ## - LANGUAGE CODE | |
| Language code of text/sound track or separate title | eng |
| 082 04 - DEWEY DECIMAL CLASSIFICATION NUMBER | |
| Classification number | 909.09767 |
| Author mark and year | PII 1952 |
| 100 1# - MAIN ENTRY--PERSONAL NAME | |
| Personal name | Pickthall, Muhammad Marmaduke |
| Dates associated with a name | 1875-1936. |
| 9 (RLIN) | 99366 |
| 245 10 - TITLE STATEMENT | |
| Title | Islamic culture : |
| Remainder of title | being a reprint of a series of lectures delivered by the author at Madras and published earlier under the title of "The cultural side of Islam." / |
| Statement of responsibility, etc. | by Muhammad Marmaduke Pickthall, |
| 250 ## - EDITION STATEMENT | |
| Edition statement | Pakistan ed. |
| 260 ## - PUBLICATION, DISTRIBUTION, ETC. (IMPRINT) | |
| Place of publication, distribution, etc. | Lahore : |
| Name of publisher, distributor, etc. | Ferozsons, |
| Date of publication, distribution, etc. | 1952. |
| 300 ## - PHYSICAL DESCRIPTION | |
| Pagination | ii, 179 p. ; |
| Size | 22 cm. |
| 500 ## - GENERAL NOTE | |
| General note | "Pakistan edition." |
| 650 #0 - SUBJECT ADDED ENTRY--TOPICAL TERM | |
| Topical term or geographic name as entry element | Islamic |
| 9 (RLIN) | 99724 |
| Form subdivision | culture |
| Topical term or geographic name as entry element | Islamic civilization |
| 9 (RLIN) | 223891 |
| 942 ## - ADDED ENTRY ELEMENTS (KOHA) | |
| Source of classification or shelving scheme | Dewey Decimal Classification |
| Koha item type | Books |
| Lost status | Source of classification or shelving scheme | Damaged status | Not for loan | Collection code | Permanent Location | Current Location | Shelving location | Date acquired | Source of acquisition | Cost, normal purchase price | Total Checkouts | Full call number | Date last seen | Copy number | Koha item type |
|---|---|---|---|---|---|---|---|---|---|---|---|---|---|---|---|
| Dewey Decimal Classification | Non-fiction | Central Library, University of Rajshahi | Central Library, University of Rajshahi | 29/01/1955 | P. C. B. S. | 6.00 | 909.09767 PII 1952 | 28/04/2014 | C-3 | Books | |||||
| Dewey Decimal Classification | Non-fiction | Central Library, University of Rajshahi | Central Library, University of Rajshahi | 28/04/2014 | 909.09767 PII 1952 | 28/04/2014 | C-2 | Books | |||||||
| Dewey Decimal Classification | Not For Loan | Rare Books | Central Library, University of Rajshahi | Central Library, University of Rajshahi | Rare Book Section | 26/11/1966 | A. I. Quraishi | 12.00 | RA 909.09767 PII 1952 | 20/10/2018 | C-1 | Rare Books |